000 01249nam a2200325 i 4500
003 EG-GICUC
005 20260507181748.0
008 260507s1989 jo ||||fr|||| 00| 0 ara d
040 _a EG-GICUC
_bara
_c EG-GICUC
_d EG-GICUC
_erda
041 0 _aara
082 0 4 _221
_a345.8223.056.8
_bأ ح . ق
092 0 4 _221
099 _aLaw1 07 345.8223.056.8 أ ح . ق 1 ed - 1989
100 0 _aأحمد عودة الغويري
_eمؤلف.
245 1 2 _aقضاء الإلغاء في الأردن :
_bدراسة تحليلية تطبيقية مقارنة /
_cدكتور أحمد عودة الغويري.
250 _aالطبعة الأولي
264 1 _aعمان :
_b[الناشر غير محدد]،
_c1989.
300 _a508 ؛ صفحة
_c24 سم.
336 _2rda content
_atext
337 _2rda media
_aComputer
338 _2rda carrier
_aOnline Resource
504 _aيشتمل على إرجاعات ببليوجرافية.
504 _aببليوجرافية:صفحات 471-492.
546 _aالنص باللغة العربية
650 1 4 _aالقانون الإداري
650 1 4 _aدعوي الالغاء
856 4 0 _uhttps://fll.law.cu.edu.eg/fulltext/bks/B07-03849.pdf
905 _a77
942 _2ddc
_n0
_cBK
_e21
999 _c76209
_d76209